Statistiques concernant TITRE DES LIVRES DE HARRY POTTER

Cliquez ici pour prendre le quiz!

Statistiques générales

  • Ce quiz a été pris 466 fois
  • Le résultat moyen est 3 sur 8

Statistiques - réponses

CLASSEMENTREPONSES% Correct
2HARRY POTTER ET LA CHAMBRE DES SECRETS
87%
4HARRY POTTER ET LA COUPE DE FEU
71%
6HARRY POTTER ET LE PRINCE DE SANG MELE
44%
1HARRY POTTER ET L ECOLE DES SORCIERS
39%
3HARRY POTTER ET LE PRISONIER D AZKABAN
24%
5HARRY POTTER ET L ORDRE DE PHENIX
7%
7HARRY POTTER ET LES RELIQUES DE LA MORT 1
7%
8HARRY POTTER ET LES RELIQUES DE LA MORT 2
7%

Distribution des résultats

Percentile par nombre de réponses

% des personnes avec chaque résultat

Votre développement - résultats

Vous n’avez pas pris ce quiz